[Event "Baku Chess Olympiad | Open"]
[Site "chess24.com"]
[Date "2016.09.12"]
[Round "10"]
[White "Romero Barreto, Jaime Jose"]
[Black "Jianu, Vlad-Cristian"]
[Result "1/2-1/2"]
[Board "4"]
[WhiteID "3902498"]
[WhiteElo "2245"]
[WhiteTitle "FM"]
[WhiteCountry "VEN"]
[WhiteFideId "3902498"]
[WhiteEloChange "7"]
[BlackID "1208110"]
[BlackElo "2554"]
[BlackTitle "GM"]
[BlackCountry "ROU"]
[BlackFideId "1208110"]
[BlackEloChange "-4"]

1. e4 {[%clk 1:30:56]} c5 {[%clk 1:30:55]} 2. Nf3 {[%clk 1:31:17]} d6 {[%clk
1:30:26]} 3. d4 {[%clk 1:31:27]} cxd4 {[%clk 1:30:48]} 4. Nxd4 {[%clk 1:31:50]}
Nf6 {[%clk 1:31:14]} 5. Nc3 {[%clk 1:32:14]} e6 {[%clk 1:31:07]} 6. Be3 {[%clk
1:15:23]} a6 {[%clk 1:31:05]} 7. Qf3 {[%clk 1:14:35]} Qc7 {[%clk 1:24:09]} 8.
O-O-O {[%clk 1:08:56]} b5 {[%clk 1:10:21]} 9. Bxb5+ {[%clk 0:33:19]} axb5 {[%clk
1:10:46]} 10. Ndxb5 {[%clk 0:33:43]} Qc6 {[%clk 1:10:46]} 11. e5 {[%clk 0:31:45]}
Nd5 {[%clk 1:11:03]} 12. Rxd5 {[%clk 0:30:35]} exd5 {[%clk 1:11:01]} 13. Nxd5
{[%clk 0:30:52]} Be6 {[%clk 0:58:10]} 14. Nbc7+ {[%clk 0:11:17]} Kd8 {[%clk
0:58:00]} 15. Bg5+ {[%clk 0:10:34]} Kc8 {[%clk 0:53:50]} 16. Nxa8 {[%clk
0:10:56]} Bxd5 {[%clk 0:54:14]} 17. Qxd5 {[%clk 0:11:13]} Kb7 {[%clk 0:54:39]}
18. Qxf7+ {[%clk 0:06:21]} Kxa8 {[%clk 0:55:04]} 19. Rd1 {[%clk 0:06:09]} dxe5
{[%clk 0:51:24]} 20. Rd8 {[%clk 0:05:19]} Qxg2 {[%clk 0:50:31]} 21. Rxb8+ {[%clk
0:01:16]} Kxb8 {[%clk 0:50:53]} 22. Qe8+ {[%clk 0:01:43]} Kc7 {[%clk 0:41:35]}
23. Qd8+ {[%clk 0:02:08]} Kb7 {[%clk 0:41:59]} 24. Qd7+ {[%clk 0:02:31]} Kb8
{[%clk 0:42:19]} 25. Qd8+ {[%clk 0:02:50]} Kb7 {[%clk 0:42:44]} 26. Qd7+ {[%clk
0:03:16]} Kb8 {[%clk 0:43:10]} 27. Qd8+ {[%clk 0:03:42]} 1/2-1/2

[Event "Baku Chess Olympiad | Open"]
[Site "chess24.com"]
[Date "2016.09.12"]
[Round "10"]
[White "Al-Modiahki, Mohamad"]
[Black "Saric, Ivan"]
[Result "0-1"]
[Board "1"]
[WhiteID "12100030"]
[WhiteElo "2550"]
[WhiteTitle "GM"]
[WhiteCountry "QAT"]
[WhiteFideId "12100030"]
[WhiteEloChange "-3"]
[BlackID "14508150"]
[BlackElo "2668"]
[BlackTitle "GM"]
[BlackCountry "CRO"]
[BlackFideId "14508150"]
[BlackEloChange "3"]

1. e4 {[%clk 1:30:56]} c5 {[%clk 1:30:56]} 2. Nf3 {[%clk 1:30:24]} d6 {[%clk
1:31:04]} 3. Bb5+ {[%clk 1:30:36]} Nd7 {[%clk 1:31:28]} 4. d4 {[%clk 1:30:42]}
cxd4 {[%clk 1:31:53]} 5. Qxd4 {[%clk 1:31:07]} a6 {[%clk 1:32:18]} 6. Bxd7+
{[%clk 1:31:08]} Bxd7 {[%clk 1:32:42]} 7. c4 {[%clk 1:31:16]} Nf6 {[%clk
1:31:36]} 8. Bg5 {[%clk 1:31:35]} e6 {[%clk 1:31:44]} 9. O-O {[%clk 1:31:17]} h6
{[%clk 1:29:03]} 10. Bxf6 {[%clk 1:08:06]} Qxf6 {[%clk 1:19:31]} 11. e5 {[%clk
1:07:52]} dxe5 {[%clk 1:19:26]} 12. Nxe5 {[%clk 1:03:52]} O-O-O {[%clk 1:19:46]}
13. Nc3 {[%clk 1:02:56]} Be8 {[%clk 1:19:16]} 14. Qe3 {[%clk 0:59:32]} Bd6 {[%clk
1:11:45]} 15. f4 {[%clk 0:55:24]} Qe7 {[%clk 1:10:41]} 16. Ne4 {[%clk 0:52:01]}
Bc7 {[%clk 1:06:08]} 17. c5 {[%clk 0:41:48]} Kb8 {[%clk 0:59:53]} 18. Rfd1 {[%clk
0:31:20]} g5 {[%clk 0:51:34]} 19. Nd6 {[%clk 0:31:12]} f6 {[%clk 0:44:40]} 20.
Nec4 {[%clk 0:22:09]} gxf4 {[%clk 0:44:19]} 21. Qxf4 {[%clk 0:22:28]} Bc6 {[%clk
0:44:24]} 22. Rd2 {[%clk 0:20:14]} Rhg8 {[%clk 0:42:29]} 23. b4 {[%clk 0:19:20]}
Rg5 {[%clk 0:40:54]} 24. a4 {[%clk 0:18:35]} Qg7 {[%clk 0:38:24]} 25. Qf1 {[%clk
0:11:01]} f5 {[%clk 0:35:30]} 26. Raa2 {[%clk 0:09:49]} Bd5 {[%clk 0:16:03]} 27.
Rac2 {[%clk 0:07:21]} f4 {[%clk 0:15:37]} 28. Qxf4 {[%clk 0:03:55]} Rf8 {[%clk
0:15:44]} 29. Qxf8+ {[%clk 0:01:16]} Qxf8 {[%clk 0:16:09]} 30. Rf2 {[%clk
0:01:45]} Qg7 {[%clk 0:16:13]} 31. Nb6 {[%clk 0:00:36]} Bxd6 {[%clk 0:12:44]} 32.
cxd6 {[%clk 0:00:56]} Qa1+ {[%clk 0:13:10]} 0-1

[Event "Baku Chess Olympiad | Open"]
[Site "chess24.com"]
[Date "2016.09.12"]
[Round "10"]
[White "Stevic, Hrvoje"]
[Black "AL-Sayed, Mohammed"]
[Result "1-0"]
[Board "2"]
[WhiteID "14502569"]
[WhiteElo "2608"]
[WhiteTitle "GM"]
[WhiteCountry "CRO"]
[WhiteFideId "14502569"]
[WhiteEloChange "4"]
[BlackID "12100196"]
[BlackElo "2521"]
[BlackTitle "GM"]
[BlackCountry "QAT"]
[BlackFideId "12100196"]
[BlackEloChange "-4"]

1. e4 {[%clk 1:30:56]} c5 {[%clk 1:30:53]} 2. Nf3 {[%clk 1:31:14]} d6 {[%clk
1:31:18]} 3. d4 {[%clk 1:31:35]} cxd4 {[%clk 1:31:40]} 4. Nxd4 {[%clk 1:31:58]}
Nf6 {[%clk 1:32:02]} 5. Nc3 {[%clk 1:32:20]} a6 {[%clk 1:32:26]} 6. g3 {[%clk
1:32:40]} e5 {[%clk 1:32:09]} 7. Nb3 {[%clk 1:32:59]} b5 {[%clk 1:29:21]} 8. a4
{[%clk 1:25:34]} b4 {[%clk 1:21:27]} 9. Nd5 {[%clk 1:25:53]} Bb7 {[%clk 1:21:11]}
10. Nxf6+ {[%clk 1:25:17]} Qxf6 {[%clk 1:19:01]} 11. Bg2 {[%clk 1:25:39]} Nc6
{[%clk 1:11:46]} 12. O-O {[%clk 1:25:22]} Be7 {[%clk 1:11:27]} 13. a5 {[%clk
1:19:26]} O-O {[%clk 1:11:13]} 14. Be3 {[%clk 1:15:00]} Rab8 {[%clk 0:43:57]} 15.
Qd3 {[%clk 1:09:34]} Bd8 {[%clk 0:36:29]} 16. Rfd1 {[%clk 0:58:49]} Bc7 {[%clk
0:35:39]} 17. Bb6 {[%clk 0:59:11]} Bxb6 {[%clk 0:34:49]} 18. axb6 {[%clk
0:59:35]} Rfd8 {[%clk 0:35:01]} 19. Qe3 {[%clk 0:58:04]} Bc8 {[%clk 0:19:02]} 20.
Rd2 {[%clk 0:44:12]} h6 {[%clk 0:06:09]} 21. h4 {[%clk 0:33:45]} g5 {[%clk
0:00:59]} 22. hxg5 {[%clk 0:33:18]} hxg5 {[%clk 0:00:39]} 23. Na5 {[%clk
0:33:08]} Nxa5 {[%clk 0:00:40]} 24. Rxa5 {[%clk 0:33:32]} Bb7 {[%clk 0:00:34]}
25. Ra4 {[%clk 0:30:43]} Kg7 {[%clk 0:00:33]} 26. Rxb4 {[%clk 0:30:35]} Rbc8
{[%clk 0:00:37]} 27. Rb3 {[%clk 0:29:42]} Rc5 {[%clk 0:00:32]} 28. Rbd3 {[%clk
0:29:52]} Ra5 {[%clk 0:00:40]} 29. Rd1 {[%clk 0:26:41]} Ra2 {[%clk 0:00:38]} 30.
Qc1 {[%clk 0:26:48]} Qh6 {[%clk 0:00:32]} 31. c4 {[%clk 0:26:15]} Ra4 {[%clk
0:00:34]} 32. b3 {[%clk 0:20:20]} Ra2 {[%clk 0:00:42]} 33. R1d2 {[%clk 0:20:15]}
g4 {[%clk 0:00:48]} 34. Qd1 {[%clk 0:20:41]} Rxd2 {[%clk 0:00:51]} 35. Rxd2
{[%clk 0:21:05]} f5 {[%clk 0:00:47]} 36. c5 {[%clk 0:20:03]} Rh8 {[%clk 0:00:32]}
37. Rxd6 {[%clk 0:19:49]} 1-0

[Event "Baku Chess Olympiad | Open"]
[Site "chess24.com"]
[Date "2016.09.12"]
[Round "10"]
[White "Nezad, Husein Aziz"]
[Black "Kozul, Zdenko"]
[Result "0-1"]
[Board "3"]
[WhiteID "12100293"]
[WhiteElo "2427"]
[WhiteTitle "IM"]
[WhiteCountry "QAT"]
[WhiteFideId "12100293"]
[WhiteEloChange "-2"]
[BlackID "14502879"]
[BlackElo "2622"]
[BlackTitle "GM"]
[BlackCountry "CRO"]
[BlackFideId "14502879"]
[BlackEloChange "2"]

1. d4 {[%clk 1:30:56]} Nf6 {[%clk 1:30:33]} 2. c4 {[%clk 1:31:18]} d6 {[%clk
1:30:52]} 3. Nf3 {[%clk 1:31:18]} g6 {[%clk 1:29:36]} 4. Nc3 {[%clk 1:31:39]} Bg7
{[%clk 1:30:00]} 5. e4 {[%clk 1:31:57]} O-O {[%clk 1:30:24]} 6. Be2 {[%clk
1:32:24]} e5 {[%clk 1:30:19]} 7. O-O {[%clk 1:32:41]} Nbd7 {[%clk 1:27:44]} 8.
Qc2 {[%clk 1:32:35]} c6 {[%clk 1:27:00]} 9. d5 {[%clk 1:32:22]} c5 {[%clk
1:27:14]} 10. Bg5 {[%clk 1:32:31]} Kh8 {[%clk 1:19:37]} 11. g3 {[%clk 1:30:59]}
Qc7 {[%clk 1:10:27]} 12. Nh4 {[%clk 1:26:15]} Ng8 {[%clk 1:09:32]} 13. Ng2 {[%clk
1:09:42]} a6 {[%clk 1:05:46]} 14. Rae1 {[%clk 1:05:12]} Nb6 {[%clk 1:03:05]} 15.
Bd2 {[%clk 0:56:11]} Bh3 {[%clk 1:01:36]} 16. Nd1 {[%clk 0:54:56]} Nd7 {[%clk
1:01:22]} 17. f3 {[%clk 0:55:09]} f5 {[%clk 0:55:08]} 18. Nf2 {[%clk 0:54:38]}
Bxg2 {[%clk 0:55:13]} 19. Kxg2 {[%clk 0:55:06]} f4 {[%clk 0:52:20]} 20. Rh1
{[%clk 0:51:09]} Qd8 {[%clk 0:51:29]} 21. Reg1 {[%clk 0:48:43]} Rf7 {[%clk
0:46:51]} 22. Kf1 {[%clk 0:44:51]} Qe7 {[%clk 0:41:38]} 23. Ke1 {[%clk 0:42:22]}
b5 {[%clk 0:40:20]} 24. b3 {[%clk 0:42:36]} b4 {[%clk 0:40:31]} 25. Kd1 {[%clk
0:39:25]} a5 {[%clk 0:35:52]} 26. Nd3 {[%clk 0:33:41]} a4 {[%clk 0:34:19]} 27.
Bc1 {[%clk 0:30:00]} axb3 {[%clk 0:30:39]} 28. axb3 {[%clk 0:30:23]} Bh6 {[%clk
0:31:06]} 29. g4 {[%clk 0:29:45]} Bg5 {[%clk 0:30:40]} 30. Bb2 {[%clk 0:30:05]}
Bh4 {[%clk 0:30:45]} 31. Kd2 {[%clk 0:30:18]} Ngf6 {[%clk 0:19:15]} 32. Ra1
{[%clk 0:29:48]} Rxa1 {[%clk 0:18:39]} 33. Rxa1 {[%clk 0:30:12]} Nxe4+ {[%clk
0:18:46]} 34. fxe4 {[%clk 0:30:36]} f3 {[%clk 0:19:11]} 35. Qd1 {[%clk 0:27:52]}
Bg5+ {[%clk 0:09:12]} 36. Kc2 {[%clk 0:28:05]} fxe2 {[%clk 0:09:27]} 37. Qxe2
{[%clk 0:28:28]} Bf4 {[%clk 0:09:41]} 38. Ra6 {[%clk 0:22:28]} Kg8 {[%clk
0:06:41]} 39. h3 {[%clk 0:21:49]} g5 {[%clk 0:04:28]} 40. Qd1 {[%clk 0:48:41]}
Nf6 {[%clk 0:31:20]} 41. Qe2 {[%clk 0:48:17]} h6 {[%clk 0:26:53]} 42. Qe1 {[%clk
0:40:56]} Kf8 {[%clk 0:26:12]} 43. Qe2 {[%clk 0:37:36]} Ne8 {[%clk 0:26:22]} 44.
Qe1 {[%clk 0:36:02]} Rf6 {[%clk 0:25:39]} 45. Ra8 {[%clk 0:33:00]} Qh7 {[%clk
0:24:47]} 46. Qe2 {[%clk 0:31:06]} Rf7 {[%clk 0:25:03]} 47. Ra6 {[%clk 0:28:18]}
Rf6 {[%clk 0:23:18]} 48. Ra8 {[%clk 0:28:27]} Qb7 {[%clk 0:21:39]} 49. Ra1 {[%clk
0:28:01]} Rf7 {[%clk 0:21:41]} 50. Rh1 {[%clk 0:24:31]} Qd7 {[%clk 0:20:01]} 51.
Ra1 {[%clk 0:23:21]} Qc8 {[%clk 0:20:26]} 52. Ra5 {[%clk 0:22:44]} h5 {[%clk
0:19:51]} 53. Nf2 {[%clk 0:13:57]} Bg3 {[%clk 0:19:38]} 54. Nd3 {[%clk 0:14:17]}
hxg4 {[%clk 0:19:43]} 55. hxg4 {[%clk 0:14:41]} Bf4 {[%clk 0:14:28]} 56. Kb1
{[%clk 0:12:04]} Nf6 {[%clk 0:13:55]} 57. Nxf4 {[%clk 0:10:38]} gxf4 {[%clk
0:14:19]} 58. g5 {[%clk 0:11:05]} Ng4 {[%clk 0:12:57]} 59. Qf3 {[%clk 0:11:15]}
Kg7 {[%clk 0:12:32]} 60. Rb5 {[%clk 0:10:36]} Ne3 {[%clk 0:10:15]} 61. g6 {[%clk
0:07:09]} Kxg6 {[%clk 0:10:18]} 62. Rb6 {[%clk 0:07:33]} Qg4 {[%clk 0:05:46]} 63.
Qh1 {[%clk 0:05:49]} Qd1+ {[%clk 0:04:04]} 64. Qxd1 {[%clk 0:06:13]} Nxd1 {[%clk
0:04:31]} 65. Bxe5 {[%clk 0:06:22]} Nc3+ {[%clk 0:04:45]} 66. Kc2 {[%clk
0:00:36]} Nxe4 {[%clk 0:05:07]} 67. Kd1 {[%clk 0:00:32]} Kf5 {[%clk 0:04:13]} 68.
Bxd6 {[%clk 0:00:50]} f3 {[%clk 0:04:15]} 69. Bb8 {[%clk 0:00:33]} f2 {[%clk
0:04:26]} 70. Ke2 {[%clk 0:00:57]} Kg5 {[%clk 0:04:50]} 0-1

[Event "Baku Chess Olympiad | Open"]
[Site "chess24.com"]
[Date "2016.09.12"]
[Round "10"]
[White "Brkic, Ante"]
[Black "Zhu, Chen"]
[Result "1-0"]
[Board "4"]
[WhiteID "14506688"]
[WhiteElo "2584"]
[WhiteTitle "GM"]
[WhiteCountry "CRO"]
[WhiteFideId "14506688"]
[WhiteEloChange "3"]
[BlackID "8600546"]
[BlackElo "2418"]
[BlackTitle "GM"]
[BlackCountry "QAT"]
[BlackFideId "8600546"]
[BlackEloChange "-3"]

1. e4 {[%clk 1:30:56]} e5 {[%clk 1:30:37]} 2. Nf3 {[%clk 1:31:14]} Nc6 {[%clk
1:30:47]} 3. Bb5 {[%clk 1:30:42]} a6 {[%clk 1:31:05]} 4. Ba4 {[%clk 1:31:05]} Nf6
{[%clk 1:31:15]} 5. O-O {[%clk 1:31:24]} Be7 {[%clk 1:31:32]} 6. Re1 {[%clk
1:31:33]} b5 {[%clk 1:31:48]} 7. Bb3 {[%clk 1:31:57]} d6 {[%clk 1:32:04]} 8. a4
{[%clk 1:32:12]} Bg4 {[%clk 1:30:46]} 9. c3 {[%clk 1:32:25]} O-O {[%clk 1:30:54]}
10. h3 {[%clk 1:32:32]} Bxf3 {[%clk 1:31:07]} 11. Qxf3 {[%clk 1:32:58]} Na5
{[%clk 1:31:32]} 12. Bc2 {[%clk 1:33:19]} c5 {[%clk 1:31:47]} 13. d3 {[%clk
1:33:19]} b4 {[%clk 1:31:27]} 14. Nd2 {[%clk 1:31:10]} Rb8 {[%clk 1:30:48]} 15.
Nf1 {[%clk 1:29:16]} bxc3 {[%clk 1:30:58]} 16. bxc3 {[%clk 1:29:41]} Nb3 {[%clk
1:31:17]} 17. Rb1 {[%clk 1:21:54]} Nxc1 {[%clk 1:31:16]} 18. Rexc1 {[%clk
1:22:17]} Nd7 {[%clk 1:18:19]} 19. Rxb8 {[%clk 1:02:39]} Nxb8 {[%clk 1:18:04]}
20. Rb1 {[%clk 0:58:53]} Bg5 {[%clk 1:11:21]} 21. Qg4 {[%clk 0:51:00]} Bf4 {[%clk
1:10:20]} 22. g3 {[%clk 0:50:21]} Bh6 {[%clk 1:08:24]} 23. Rb7 {[%clk 0:50:26]}
g6 {[%clk 0:23:39]} 24. Bb3 {[%clk 0:49:13]} Qe8 {[%clk 0:22:12]} 25. h4 {[%clk
0:35:16]} Kg7 {[%clk 0:21:08]} 26. h5 {[%clk 0:32:41]} Kh8 {[%clk 0:10:48]} 27.
Qh4 {[%clk 0:18:04]} f5 {[%clk 0:06:23]} 28. Re7 {[%clk 0:14:36]} g5 {[%clk
0:06:37]} 29. Rxe8 {[%clk 0:14:47]} gxh4 {[%clk 0:06:26]} 30. Re6 {[%clk
0:15:03]} Kg7 {[%clk 0:04:23]} 31. Rxd6 {[%clk 0:15:28]} Rf6 {[%clk 0:03:01]} 32.
Rd5 {[%clk 0:14:33]} Rb6 {[%clk 0:01:36]} 33. Bc4 {[%clk 0:14:59]} fxe4 {[%clk
0:00:31]} 34. dxe4 {[%clk 0:12:43]} hxg3 {[%clk 0:00:59]} 35. Nxg3 {[%clk
0:12:45]} Kf6 {[%clk 0:01:11]} 36. Rxc5 {[%clk 0:12:29]} Bd2 {[%clk 0:00:58]} 37.
Rc7 {[%clk 0:11:27]} h6 {[%clk 0:00:43]} 38. Rf7+ {[%clk 0:10:53]} Kg5 {[%clk
0:01:12]} 39. Rg7+ {[%clk 0:10:58]} 1-0

[Event "Baku Chess Olympiad | Open"]
[Site "chess24.com"]
[Date "2016.09.12"]
[Round "10"]
[White "Amonatov, Farrukh"]
[Black "Pelletier, Yannick"]
[Result "1/2-1/2"]
[Board "1"]
[WhiteID "14700077"]
[WhiteElo "2610"]
[WhiteTitle "GM"]
[WhiteCountry "TJK"]
[WhiteFideId "14700077"]
[WhiteEloChange "-1"]
[BlackID "1301837"]
[BlackElo "2555"]
[BlackTitle "GM"]
[BlackCountry "SUI"]
[BlackFideId "1301837"]
[BlackEloChange "1"]

1. e4 {[%clk 1:30:57]} e6 {[%clk 1:30:50]} 2. d4 {[%clk 1:31:07]} d5 {[%clk
1:31:13]} 3. Nc3 {[%clk 1:30:17]} Nf6 {[%clk 1:31:31]} 4. Bg5 {[%clk 1:29:41]}
dxe4 {[%clk 1:31:50]} 5. Nxe4 {[%clk 1:30:08]} Nbd7 {[%clk 1:32:15]} 6. Nf3
{[%clk 1:30:29]} h6 {[%clk 1:32:29]} 7. Nxf6+ {[%clk 1:30:42]} Nxf6 {[%clk
1:32:53]} 8. Bxf6 {[%clk 1:30:33]} Qxf6 {[%clk 1:33:15]} 9. Bb5+ {[%clk 1:31:01]}
c6 {[%clk 1:33:36]} 10. Bd3 {[%clk 1:31:26]} a6 {[%clk 1:32:36]} 11. c3 {[%clk
1:26:17]} c5 {[%clk 1:25:05]} 12. Ne5 {[%clk 1:20:49]} Bd6 {[%clk 1:24:36]} 13.
Qa4+ {[%clk 1:02:49]} Ke7 {[%clk 1:23:49]} 14. O-O {[%clk 1:02:49]} Rd8 {[%clk
0:59:20]} 15. f4 {[%clk 0:53:58]} cxd4 {[%clk 0:57:03]} 16. cxd4 {[%clk 0:45:06]}
Bd7 {[%clk 0:57:24]} 17. Qb3 {[%clk 0:44:44]} Bc6 {[%clk 0:57:16]} 18. Rae1
{[%clk 0:44:14]} Kf8 {[%clk 0:35:17]} 19. Bc4 {[%clk 0:21:34]} Bxe5 {[%clk
0:22:55]} 20. fxe5 {[%clk 0:18:46]} Qg6 {[%clk 0:20:46]} 21. Qh3 {[%clk 0:16:47]}
Kg8 {[%clk 0:18:30]} 22. Rf4 {[%clk 0:11:25]} Bb5 {[%clk 0:18:34]} 23. Rg4 {[%clk
0:05:58]} Qh7 {[%clk 0:17:15]} 24. Bxb5 {[%clk 0:04:45]} axb5 {[%clk 0:17:39]}
25. a3 {[%clk 0:05:06]} Rac8 {[%clk 0:16:01]} 26. Rf1 {[%clk 0:05:18]} Rc7 {[%clk
0:11:35]} 27. Qf3 {[%clk 0:04:35]} Rdd7 {[%clk 0:07:48]} 28. h4 {[%clk 0:04:35]}
Kh8 {[%clk 0:07:37]} 29. h5 {[%clk 0:02:49]} Qc2 {[%clk 0:06:29]} 30. Qg3 {[%clk
0:03:02]} Qh7 {[%clk 0:04:35]} 31. Kh2 {[%clk 0:02:08]} Rc4 {[%clk 0:03:12]} 32.
Rgf4 {[%clk 0:02:18]} Qg8 {[%clk 0:03:25]} 33. Qg4 {[%clk 0:00:52]} Qe8 {[%clk
0:03:20]} 34. R1f3 {[%clk 0:01:04]} Kg8 {[%clk 0:02:24]} 35. Rg3 {[%clk 0:01:18]}
Qf8 {[%clk 0:02:43]} 36. b3 {[%clk 0:00:50]} Rc8 {[%clk 0:02:09]} 37. Qh4 {[%clk
0:00:51]} Kh8 {[%clk 0:01:44]} 38. Rfg4 {[%clk 0:00:45]} Rcd8 {[%clk 0:01:12]}
39. b4 {[%clk 0:00:41]} Kh7 {[%clk 0:00:43]} 40. Rc3 {[%clk 0:30:40]} Rc8 {[%clk
0:30:42]} 41. Rxc8 {[%clk 0:28:53]} Qxc8 {[%clk 0:30:20]} 42. Qg3 {[%clk
0:29:20]} Qf8 {[%clk 0:19:17]} 43. Qd3+ {[%clk 0:29:24]} Kg8 {[%clk 0:19:34]} 44.
Qxb5 {[%clk 0:29:37]} Qd8 {[%clk 0:19:54]} 45. Qd3 {[%clk 0:29:33]} Rd5 {[%clk
0:13:44]} 46. Qg3 {[%clk 0:27:50]} Rxd4 {[%clk 0:13:31]} 47. Rxg7+ {[%clk
0:28:09]} Kh8 {[%clk 0:13:59]} 48. Rg4 {[%clk 0:14:27]} b5 {[%clk 0:14:22]} 49.
Rf4 {[%clk 0:14:16]} Rxf4 {[%clk 0:13:09]} 50. Qxf4 {[%clk 0:14:42]} Kg7 {[%clk
0:12:39]} 51. Kh3 {[%clk 0:14:30]} Qd5 {[%clk 0:10:59]} 52. Qg3+ {[%clk 0:09:12]}
Kf8 {[%clk 0:11:23]} 53. Qe3 {[%clk 0:09:26]} Kg8 {[%clk 0:11:38]} 54. Kg3 {[%clk
0:09:14]} Qd1 {[%clk 0:08:56]} 55. Qxh6 {[%clk 0:08:05]} Qe1+ {[%clk 0:09:21]}
56. Kf3 {[%clk 0:08:18]} Qf1+ {[%clk 0:09:34]} 57. Kg3 {[%clk 0:08:25]} Qe1+
{[%clk 0:09:57]} 58. Kg4 {[%clk 0:08:38]} Qd1+ {[%clk 0:09:35]} 59. Kg3 {[%clk
0:08:12]} 1/2-1/2

[Event "Baku Chess Olympiad | Open"]
[Site "chess24.com"]
[Date "2016.09.12"]
[Round "10"]
[White "Bogner, Sebastian"]
[Black "Khusenkhojaev, Muhammad"]
[Result "1-0"]
[Board "2"]
[WhiteID "4692055"]
[WhiteElo "2559"]
[WhiteTitle "GM"]
[WhiteCountry "SUI"]
[WhiteFideId "4692055"]
[WhiteEloChange "3"]
[BlackID "14700247"]
[BlackElo "2436"]
[BlackTitle "IM"]
[BlackCountry "TJK"]
[BlackFideId "14700247"]
[BlackEloChange "-3"]

1. Nf3 {[%clk 1:30:57]} Nf6 {[%clk 1:30:52]} 2. c4 {[%clk 1:31:23]} g6 {[%clk
1:31:17]} 3. Nc3 {[%clk 1:31:49]} d5 {[%clk 1:31:43]} 4. d4 {[%clk 1:32:14]} Bg7
{[%clk 1:32:07]} 5. e3 {[%clk 1:32:40]} O-O {[%clk 1:32:16]} 6. cxd5 {[%clk
1:33:06]} Nxd5 {[%clk 1:32:38]} 7. Bc4 {[%clk 1:33:31]} Nb6 {[%clk 1:32:30]} 8.
Bb3 {[%clk 1:33:56]} Nc6 {[%clk 1:31:47]} 9. h3 {[%clk 1:33:10]} e5 {[%clk
1:29:12]} 10. d5 {[%clk 1:33:34]} Na5 {[%clk 1:29:26]} 11. e4 {[%clk 1:34:01]}
Nxb3 {[%clk 1:28:58]} 12. Qxb3 {[%clk 1:33:23]} c5 {[%clk 1:27:41]} 13. Be3
{[%clk 1:28:16]} Nd7 {[%clk 1:27:39]} 14. O-O {[%clk 1:28:09]} b6 {[%clk
1:24:38]} 15. a4 {[%clk 1:27:50]} Ba6 {[%clk 1:24:37]} 16. Rfd1 {[%clk 1:24:57]}
h6 {[%clk 1:24:21]} 17. d6 {[%clk 1:11:17]} Kh7 {[%clk 1:20:52]} 18. Nd2 {[%clk
1:04:50]} f5 {[%clk 1:09:33]} 19. f3 {[%clk 1:03:17]} Nb8 {[%clk 1:02:11]} 20.
Nb5 {[%clk 1:01:05]} Nc6 {[%clk 1:01:00]} 21. Nc7 {[%clk 1:01:18]} Bb7 {[%clk
1:00:25]} 22. Bxc5 {[%clk 0:52:28]} bxc5 {[%clk 0:40:04]} 23. Qxb7 {[%clk
0:51:34]} Qd7 {[%clk 0:40:28]} 24. Nb3 {[%clk 0:50:06]} Nd4 {[%clk 0:35:55]} 25.
Nxc5 {[%clk 0:34:58]} Qxd6 {[%clk 0:36:19]} 26. N7e6 {[%clk 0:35:24]} Rg8 {[%clk
0:35:55]} 27. Nxg7 {[%clk 0:35:21]} Rxg7 {[%clk 0:35:48]} 28. Qxa8 {[%clk
0:35:45]} Qxc5 {[%clk 0:36:12]} 29. Kh1 {[%clk 0:36:09]} g5 {[%clk 0:29:33]} 30.
exf5 {[%clk 0:36:01]} 1-0

[Event "Baku Chess Olympiad | Open"]
[Site "chess24.com"]
[Date "2016.09.12"]
[Round "10"]
[White "Khusenkhojaev, Mustafokhuja"]
[Black "Georgiadis, Nico"]
[Result "0-1"]
[Board "3"]
[WhiteID "14700727"]
[WhiteElo "2212"]
[WhiteCountry "TJK"]
[WhiteFideId "14700727"]
[WhiteEloChange "-4"]
[BlackID "1300113"]
[BlackElo "2475"]
[BlackTitle "IM"]
[BlackCountry "SUI"]
[BlackFideId "1300113"]
[BlackEloChange "2"]

1. d4 {[%clk 1:30:55]} Nf6 {[%clk 1:30:50]} 2. Nf3 {[%clk 1:31:15]} g6 {[%clk
1:30:40]} 3. g3 {[%clk 1:31:31]} Bg7 {[%clk 1:31:02]} 4. Bg2 {[%clk 1:31:49]} O-O
{[%clk 1:31:24]} 5. c4 {[%clk 1:32:13]} d6 {[%clk 1:31:21]} 6. O-O {[%clk
1:32:32]} Nc6 {[%clk 1:31:24]} 7. Nc3 {[%clk 1:32:34]} a6 {[%clk 1:31:45]} 8. b3
{[%clk 1:31:09]} Rb8 {[%clk 1:29:51]} 9. Bb2 {[%clk 1:22:03]} b5 {[%clk 1:29:34]}
10. c5 {[%clk 1:20:45]} dxc5 {[%clk 0:49:09]} 11. dxc5 {[%clk 1:20:32]} a5 {[%clk
0:48:02]} 12. Qc1 {[%clk 1:13:58]} e6 {[%clk 0:44:13]} 13. Ng5 {[%clk 1:10:05]}
Bd7 {[%clk 0:38:58]} 14. Nge4 {[%clk 1:04:53]} b4 {[%clk 0:31:39]} 15. Nxf6+
{[%clk 0:57:10]} Qxf6 {[%clk 0:32:01]} 16. Nd1 {[%clk 0:55:01]} Nd4 {[%clk
0:26:38]} 17. Re1 {[%clk 0:50:59]} e5 {[%clk 0:25:47]} 18. Ne3 {[%clk 0:49:53]}
Bb5 {[%clk 0:25:24]} 19. Nc4 {[%clk 0:48:18]} a4 {[%clk 0:17:02]} 20. Rb1 {[%clk
0:31:49]} axb3 {[%clk 0:13:09]} 21. Bxd4 {[%clk 0:32:01]} bxa2 {[%clk 0:12:09]}
22. Rxb4 {[%clk 0:31:59]} exd4 {[%clk 0:11:05]} 23. Qb2 {[%clk 0:30:52]} d3
{[%clk 0:10:45]} 24. Qxa2 {[%clk 0:30:28]} Qc3 {[%clk 0:10:54]} 25. Qb1 {[%clk
0:30:10]} dxe2 {[%clk 0:07:29]} 26. Rc1 {[%clk 0:28:21]} Rfd8 {[%clk 0:05:59]}
27. Ne3 {[%clk 0:16:46]} Qd2 {[%clk 0:05:08]} 28. Nc2 {[%clk 0:05:22]} Qxc1+
{[%clk 0:05:22]} 29. Qxc1 {[%clk 0:05:01]} Rd1+ {[%clk 0:05:48]} 0-1